| 000 | 00703nam a2200205 a 4500 | ||
|---|---|---|---|
| 001 | 448 | ||
| 003 | CDMR | ||
| 005 | 20131210133002.0 | ||
| 008 | 130130s1984||||||||||||||||||||||||||||d | ||
| 020 | _a843130832X | ||
| 040 |
_aCDMR _bcat _cCDMR |
||
| 100 | 1 |
_aIglesias, Francisco _9318 |
|
| 245 | 1 | 0 |
_aCiencias de la Información _b: periodismo, ciencias de la imagen visual y auditiva, publicidad y relaciones públicas _cFrancisco Iglesias |
| 260 |
_aPamplona _c1984 _bEdiciones Universidad de Navarra |
||
| 300 |
_a250 p ; _c18 cm |
||
| 490 | 0 | _aCiencias de la Educación | |
| 490 | 0 |
_aGuías de los estudios universitarios _v12 |
|
| 650 | 0 | 4 |
_9320 _aCiències de la informació _xEnsenyament |
| 942 |
_cMON _2udc |
||
| 999 |
_c448 _d448 |
||